Расчет сорбции водорода в титане ВТ1-0 методом конечных разностей; Перспективы развития фундаментальных наук

Bibliographische Detailangaben
Parent link:Перспективы развития фундаментальных наук.— 2012.— [С. 47-48]
1. Verfasser: Ван Фэй
Weitere Verfasser: Евтеева Н. А. Наталья Александровна (научный руководитель), Кудияров В. Н. Виктор Николаевич
Zusammenfassung:Заглавие с экрана
The calculation of hydrogen sorption was made by method of finite differences at temperature of 500 degrees Celsius on the technically pure titanium samples.
Sprache:Russisch
Veröffentlicht: 2012
Schriftenreihe:Физика
Schlagworte:
Online-Zugang:http://www.lib.tpu.ru/fulltext/c/2012/C21/011.pdf
Format: Elektronisch Buchkapitel
KOHA link:https://koha.lib.tpu.ru/cgi-bin/koha/opac-detail.pl?biblionumber=236279

MARC

LEADER 00000naa2a2200000 4500
001 236279
005 20260105170107.0
035 |a (RuTPU)RU\TPU\book\257431 
035 |a RU\TPU\book\257427 
090 |a 236279 
100 |a 20130422d2012 k y0rusy50 ca 
101 0 |a rus 
102 |a RU 
135 |a drcn ---uucaa 
181 0 |a i  
182 0 |a b 
200 1 |a Расчет сорбции водорода в титане ВТ1-0 методом конечных разностей  |f Ван Фэй, Н. А. Евтеева, В. Н. Кудияров  |g науч. рук. Н. А. Евтеева 
203 |a Текст  |c электронный 
215 |a 1 файл(585 Кб) 
225 1 |a Физика 
300 |a Заглавие с экрана 
320 |a [Библиогр.: с. 48 (3 назв.)] 
330 |a The calculation of hydrogen sorption was made by method of finite differences at temperature of 500 degrees Celsius on the technically pure titanium samples. 
337 |a Adobe Reader 
463 1 |0 (RuTPU)RU\TPU\book\256864  |t Перспективы развития фундаментальных наук  |o сборник научных трудов IX Международной конференция студентов и молодых ученых, г. Томск, 24-27 апреля 2012 г.  |f Национальный исследовательский Томский политехнический университет (ТПУ)  |v [С. 47-48]  |l Prospects of fundamental sciences development  |d 2012 
510 1 |a Calculation of hydrogen sorption in titanium VT1-0finite difference method  |z eng 
610 1 |a электронный ресурс 
610 1 |a труды учёных ТПУ 
610 1 |a расчетная характеристика 
610 1 |a сорбция 
610 1 |a водород 
610 1 |a титан 
610 1 |a метод конечных разностей 
700 0 |a Ван Фэй 
701 1 |a Евтеева  |b Н. А.  |c российский физик  |c инженер Томского политехнического университета, аспирант  |f 1985-  |g Наталья Александровна  |3 (RuTPU)RU\TPU\pers\27834 
701 1 |a Кудияров  |b В. Н.  |c физик  |c доцент Томского политехнического университета, кандидат технических наук  |f 1990-  |g Виктор Николаевич  |3 (RuTPU)RU\TPU\pers\30612  |9 14893 
702 1 |a Евтеева  |b Н. А.  |c российский физик  |c инженер Томского политехнического университета, аспирант  |f 1985-  |g Наталья Александровна  |4 727 
801 1 |a RU  |b 63413507  |c 20101016 
801 2 |a RU  |b 63413507  |c 20131016  |g RCR 
856 4 |u http://www.lib.tpu.ru/fulltext/c/2012/C21/011.pdf 
942 |c CF